[Event "OLNN 1718 SF Schwerin - Schachfreunde H"]
[Site "?"]
[Date "2017.10.08"]
[Round "1.2"]
[White "Schulz, Karsten"]
[Black "Bokelbrink, Uwe"]
[Result "1-0"]
[WhiteElo "2281"]
[BlackElo "2304"]
[PlyCount "129"]
[EventDate "2017.??.??"]

1. Nf3 d5 2. g3 c6 3. Bg2 Nf6 4. O-O Bf5 5. d3 h6 6. c4 e6 7. cxd5 exd5 8. Nc3
Be7 9. Nd4 Bc8 10. e4 O-O 11. h3 Qb6 12. Nb3 Rd8 13. e5 Nh7 14. d4 a5 15. Nc5
Na6 16. N3a4 Qc7 17. Nxa6 Rxa6 18. Be3 f6 19. Bf4 fxe5 20. Bxe5 Bd6 21. Re1 Ng5
22. Kh2 Qf7 23. f4 Ne4 24. Nc3 Bxe5 25. fxe5 Nxc3 26. bxc3 Bf5 27. Rf1 Qg6 28.
Rf4 Rb6 29. Qd2 a4 30. c4 Rd7 31. Raf1 Be6 32. Qa5 Ra6 33. Qb4 Ra8 34. Rf8+
Rxf8 35. Rxf8+ Kh7 36. Qxa4 Rf7 37. Rxf7 Qxf7 38. cxd5 Bxd5 39. Bxd5 Qxd5 40.
Qc2+ g6 41. Qf2 b5 42. g4 Kg8 43. Kg3 Qe4 44. Qd2 g5 45. h4 gxh4+ 46. Kxh4 Kh7
47. Qf2 Qd5 48. Qf5+ Kg7 49. Qf6+ Kh7 50. Qe7+ Kg8 51. Kh5 Qh1+ 52. Kg6 Qe4+
53. Kxh6 Qh1+ 54. Kg6 Qe4+ 55. Kh5 Qxd4 56. e6 Qe4 57. Qf7+ Kh8 58. Qf8+ Kh7
59. Qf5+ Qxf5+ 60. gxf5 Kg7 61. Kg5 c5 62. f6+ Kf8 63. Kg6 c4 64. e7+ Ke8 65.
Kg7 1-0

[Event "OLNN 1718 SF Schwerin - Schachfreunde H"]
[Site "?"]
[Date "2017.10.08"]
[Round "1.3"]
[White "Hermesmann, Hans"]
[Black "de Jong, Migchiel"]
[Result "0-1"]
[WhiteElo "2260"]
[BlackElo "2352"]
[PlyCount "90"]
[EventDate "2017.??.??"]

1. d4 e6 2. Nf3 c5 3. e3 Nf6 4. c4 cxd4 5. exd4 d5 6. Nc3 Bb4 7. Bd3 dxc4 8.
Bxc4 O-O 9. O-O Qc7 10. Qd3 Bxc3 11. bxc3 Nbd7 12. Re1 b6 13. Bb3 Bb7 14. Bg5
Rac8 15. Rac1 Rfe8 16. Ne5 Nxe5 17. dxe5 Nd7 18. Qg3 Qc6 19. Re3 Nf8 20. h4 Kh8
21. h5 h6 22. Bf4 Nh7 23. Qg4 Qc7 24. Rg3 Rg8 25. Rd1 Be4 26. Rd6 Bf5 27. Qd1
Rcd8 28. Re3 Ng5 29. Bc2 Bxc2 30. Qxc2 Rxd6 31. exd6 Qd7 32. Bxg5 hxg5 33. Rd3
Rc8 34. Qd2 Rc5 35. Qe3 Kh7 36. f3 Kg8 37. Qe4 Rc8 38. f4 g4 39. Kf2 Rc5 40.
Kg3 Rxh5 41. Qa8+ Kh7 42. Kxg4 Rd5 43. Rh3+ Kg6 44. Qh8 e5+ 45. Kh4 exf4 0-1

[Event "OLNN 1718 SF Schwerin - Schachfreunde H"]
[Site "?"]
[Date "2017.10.08"]
[Round "1.4"]
[White "Wolf, Christoph"]
[Black "Ritscher, Jan-Paul"]
[Result "1/2-1/2"]
[WhiteElo "2195"]
[BlackElo "2221"]
[PlyCount "53"]
[EventDate "2017.??.??"]

1. e4 Nf6 2. e5 Nd5 3. d4 d6 4. Nf3 Bg4 5. exd6 exd6 6. c4 Nb6 7. Nc3 Be7 8. h3
Bh5 9. Be3 O-O 10. b3 Bg6 11. Bd3 Nc6 12. Bxg6 hxg6 13. Qd2 d5 14. c5 Nc8 15.
O-O Bf6 16. Ne2 Qd7 17. b4 a6 18. Rab1 Nd8 19. Ng3 Ne6 20. Nh2 Ne7 21. Ng4 Nc6
22. Nxf6+ gxf6 23. Ne2 Rfe8 24. Rfe1 Ne7 25. f3 b6 26. Nf4 Nc6 27. Bf2 1/2-1/2

[Event "OLNN 1718 SF Schwerin - Schachfreunde H"]
[Site "?"]
[Date "2017.10.08"]
[Round "1.5"]
[White "Kluenger, Marc"]
[Black "Rittemann, Steffen"]
[Result "1/2-1/2"]
[WhiteElo "2195"]
[BlackElo "2160"]
[PlyCount "139"]
[EventDate "2017.??.??"]

1. Nf3 Nf6 2. c4 g6 3. b4 Bg7 4. Bb2 O-O 5. g3 d6 6. Bg2 e5 7. d3 Nc6 8. b5 Ne7
9. O-O Bg4 10. h3 Bf5 11. Nc3 Qc8 12. Kh2 Re8 13. a4 Rb8 14. a5 c6 15. Ra2 a6
16. Ba3 Qc7 17. b6 Qd8 18. c5 dxc5 19. Bxc5 e4 20. dxe4 Nxe4 21. Nxe4 Bxe4 22.
Rd2 Nd5 23. Qb3 f5 24. Rfd1 Bh6 25. e3 Qf6 26. Bd4 Qe7 27. Bb2 Rbc8 28. Ba3 Qf6
29. h4 Bg7 30. Bb2 Qe7 31. Bxg7 Kxg7 32. Ng5 Bxg2 33. Kxg2 h6 34. Nh3 g5 35.
Rd4 Qf6 36. Qd3 Rcd8 37. Qc2 Rd6 38. R1d3 Rde6 39. Qd1 R8e7 40. Qh5 Qg6 41.
Qxg6+ Kxg6 42. hxg5 hxg5 43. g4 Re4 44. gxf5+ Kxf5 45. Ng1 Rxd4 46. Rxd4 Nf6
47. Ne2 Rd7 48. f4 gxf4 49. Rxf4+ Ke5 50. Kf3 Rd3 51. Nd4 Nd5 52. Re4+ Kd6 53.
Ke2 Ra3 54. Re8 c5 55. Rd8+ Ke5 56. Nf3+ Ke6 57. Ng5+ Ke5 58. Nf3+ Ke6 59. Ng5+
Ke5 60. Re8+ Kd6 61. Nf7+ Kc6 62. Rc8+ Kd7 63. Rxc5 Rxe3+ 64. Kd2 Re7 65. Nh6
Kd6 66. Rc8 Rh7 67. Ng4 Rh4 68. Rg8 Ne7 69. Rg7 Nc6 70. Rg6+ 1/2-1/2

[Event "OLNN 1718 SF Schwerin - Schachfreunde H"]
[Site "?"]
[Date "2017.10.08"]
[Round "1.6"]
[White "Grahl, Arvid"]
[Black "Zimmermann, Martin"]
[Result "0-1"]
[WhiteElo "2199"]
[BlackElo "2143"]
[PlyCount "75"]
[EventDate "2017.??.??"]

1. d4 d5 2. c4 e6 3. Nc3 Nf6 4. Bg5 Be7 5. e3 h6 6. Bh4 c6 7. Nf3 Nbd7 8. Qc2
O-O 9. a3 Re8 10. Rd1 Nf8 11. Bd3 dxc4 12. Bxc4 Nd5 13. Bg3 Qa5 14. O-O Nxc3
15. bxc3 Bd7 16. Ne5 Bf6 17. Qb3 Qb6 18. Qa2 Qa5 19. Rb1 Bxe5 20. Bxe5 b5 21.
Be2 Rac8 22. Bd6 Ng6 23. Bb4 Qc7 24. f4 Ne7 25. e4 Ng6 26. g3 e5 27. fxe5 Be6
28. Qd2 Nxe5 29. dxe5 c5 30. Bxb5 Red8 31. Qe3 cxb4 32. cxb4 Qxe5 33. Be2 Rc3
34. Qxa7 Rd2 35. Rf2 Qxe4 36. Re1 Bd5 37. Qb8+ Kh7 38. Bd3 0-1

[Event "OLNN 1718 SF Schwerin - Schachfreunde H"]
[Site "?"]
[Date "2017.10.08"]
[Round "1.7"]
[White "Dietz, Juergen"]
[Black "Heinsohn, Wilfried"]
[Result "1/2-1/2"]
[WhiteElo "2142"]
[BlackElo "2167"]
[PlyCount "110"]
[EventDate "2017.??.??"]

1. f4 g6 2. Nf3 Bg7 3. d3 c5 4. e4 Nc6 5. Be2 d5 6. O-O e6 7. c3 Nge7 8. Be3 d4
9. Bf2 O-O 10. Qc2 e5 11. cxd4 Nxd4 12. Nxd4 cxd4 13. fxe5 Bxe5 14. Nd2 Nc6 15.
Nf3 Bg7 16. Qd2 Qb6 17. Bd1 Be6 18. Ba4 Rac8 19. Rfc1 Rfd8 20. Bxc6 Rxc6 21.
Rxc6 bxc6 22. b3 Qb5 23. Qg5 Qxg5 24. Nxg5 Bc8 25. Kf1 Bh6 26. Nf3 Ba6 27. Rd1
c5 28. Ne5 Re8 29. Nd7 Rc8 30. Ke2 f5 31. g4 Kf7 32. gxf5 gxf5 33. exf5 Bf4 34.
Bg3 Bxg3 35. hxg3 Rc7 36. Nb8 Bb7 37. Rc1 Kf6 38. Rxc5 Re7+ 39. Kd2 Rg7 40. Rc4
Rxg3 41. Rxd4 Rg7 42. Rd7 Rxd7 43. Nxd7+ Kxf5 44. Ke3 h5 45. Nc5 Bd5 46. Ne4
Bxe4 47. dxe4+ Ke5 48. b4 h4 49. a4 h3 50. Kf3 h2 51. Kg2 Kxe4 52. b5 h1=Q+ 53.
Kxh1 Kd5 54. a5 Kc5 55. b6 Kc6 1/2-1/2

[Event "OLNN 1718 SF Schwerin - Schachfreunde H"]
[Site "?"]
[Date "2017.10.08"]
[Round "1.8"]
[White "Weyrich, Morten"]
[Black "Hermann, Matthias"]
[Result "1/2-1/2"]
[WhiteElo "2272"]
[BlackElo "2215"]
[PlyCount "164"]
[EventDate "2017.??.??"]

1. c4 Nf6 2. Nc3 g6 3. g3 Bg7 4. Bg2 e5 5. e4 d6 6. Nge2 Be6 7. d3 Qd7 8. h3
O-O 9. Be3 c6 10. g4 Na6 11. Ng3 Rfd8 12. f4 d5 13. f5 d4 14. g5 Ne8 15. fxe6
fxe6 16. O-O dxe3 17. Qf3 Nb4 18. Rfd1 Qe7 19. Qe2 Qxg5 20. Nf1 Bh6 21. a3 Na6
22. b4 Ng7 23. Qg4 Rd7 24. Ng3 Rf8 25. Qxg5 Bxg5 26. Ra2 h5 27. Nce2 h4 28. Nf1
Nh5 29. Nh2 Rfd8 30. Nf3 Bf4 31. Ne1 Bg3 32. Nxg3 hxg3 33. Re2 Rd4 34. Rxe3
Rxc4 35. Bf3 Rc3 36. Bxh5 gxh5 37. Rxg3+ Kh7 38. Nf3 Rd7 39. Ng5+ Kg6 40. Nf3+
Kh6 41. Nxe5 Rg7 42. Rxg7 Kxg7 43. Rf1 Kg8 44. Rf7 Rxd3 45. Rxb7 Rxa3 46. Nxc6
Rxh3 47. Rxa7 Nxb4 48. Nxb4 Re3 49. Kf2 Rxe4 50. Nd3 Rg4 51. Re7 Rg5 52. Rxe6
Kf7 53. Ra6 Rb5 54. Ne1 Kg7 55. Nf3 Rd5 56. Kg3 Rb5 57. Kh4 Kf7 58. Ng5+ Ke7
59. Kxh5 Rd5 60. Kg4 Rd1 61. Kf4 Rb1 62. Nf3 Rb2 63. Nd4 Rb1 64. Nf5+ Kd7 65.
Ne3 Ke7 66. Nd5+ Kd7 67. Nf6+ Ke7 68. Ke5 Re1+ 69. Ne4 Kd7 70. Ra7+ Kc6 71. Kd4
Rd1+ 72. Kc4 Rc1+ 73. Nc3 Kd6 74. Kd4 Ke6 75. Ra5 Kf6 76. Ne4+ Ke6 77. Re5+ Kd7
78. Nc3 Kd6 79. Re2 Rh1 80. Ne4+ Kd7 81. Rc2 Rh4 82. Rg2 Ke6 1/2-1/2

[Event "OLNN 1718 Königsspringer - SV Bargtehei"]
[Site "?"]
[Date "2017.10.08"]
[Round "1.1"]
[White "Fries-Nielsen, Jens Ove"]
[Black "Pfreundt, Jakob"]
[Result "1/2-1/2"]
[WhiteElo "2314"]
[BlackElo "2392"]
[PlyCount "104"]
[EventDate "2017.??.??"]

1. e3 Nf6 2. c4 e6 3. Nf3 d5 4. a3 c5 5. Qc2 Nc6 6. Nc3 Be7 7. cxd5 exd5 8. d4
a6 9. dxc5 Bxc5 10. b4 Ba7 11. Bb2 Be6 12. Ng5 Rc8 13. Rd1 Qe7 14. Nxe6 fxe6
15. b5 axb5 16. Nxb5 Bb6 17. Bd3 Ba5+ 18. Kf1 O-O 19. Qa4 Bb6 20. Kg1 e5 21.
Bf5 Rcd8 22. h4 Na5 23. Qb4 Qxb4 24. axb4 Nc4 25. Ba1 Rfe8 26. h5 Nd6 27. Nxd6
Rxd6 28. h6 g6 29. Bc2 d4 30. Rh3 Red8 31. Bb3+ Kf8 32. exd4 Bxd4 33. Rf3 Ke7
34. Re1 Bxa1 35. Rxa1 e4 36. Re3 Rd3 37. Ra7 R8d7 38. g3 Rxe3 39. fxe3 Ng4 40.
Bc2 b6 41. Rxd7+ Kxd7 42. Bxe4 Nxh6 43. Kf2 Kd6 44. Kf3 Ke5 45. Bc2 Nf7 46. Kg4
Nd6 47. Kf3 Ne8 48. g4 g5 49. Bxh7 Nc7 50. Be4 Na6 51. b5 Nc5 52. Bc6 Ne6 {(=)}
1/2-1/2

[Event "OLNN 1718 Königsspringer - SV Bargtehei"]
[Site "?"]
[Date "2017.10.08"]
[Round "1.2"]
[White "Lamprecht, Frank"]
[Black "Light, Bjarne"]
[Result "1/2-1/2"]
[WhiteElo "2386"]
[BlackElo "2225"]
[PlyCount "59"]
[EventDate "2017.??.??"]

1. d4 Nf6 2. Nf3 d5 3. Bf4 c5 4. e3 Nc6 5. c3 e6 6. Nbd2 cxd4 7. exd4 Nh5 8.
Bg3 g6 9. Bd3 Bg7 10. O-O Nxg3 11. hxg3 O-O 12. Re1 Bd7 13. Nb3 Qc7 14. Qd2
Rae8 15. Rac1 Bc8 16. Bf1 Rd8 17. Rcd1 Rfe8 18. Qc1 Qb6 19. Ne5 Na5 20. Nxa5
Qxa5 21. a3 f6 22. Nf3 Qb6 23. c4 dxc4 24. Bxc4 Kh8 25. Re2 Rd6 26. Qe3 Red8
27. Rde1 Bd7 28. Qb3 Qxb3 29. Bxb3 Re8 30. Rc2 {(=)} 1/2-1/2

[Event "OLNN 1718 Königsspringer - SV Bargtehei"]
[Site "?"]
[Date "2017.10.08"]
[Round "1.3"]
[White "Wolter, Jens"]
[Black "Zimmermann, Julian"]
[Result "0-1"]
[WhiteElo "2166"]
[BlackElo "2312"]
[PlyCount "86"]
[EventDate "2017.??.??"]

1. e4 e6 2. d4 d5 3. e5 c5 4. c3 Nc6 5. Be3 Nh6 6. Nf3 Qb6 7. Qd2 Nf5 8. Be2
Nxe3 9. fxe3 Bd7 10. O-O Be7 11. Kh1 O-O 12. Bd3 f5 13. exf6 Bxf6 14. Qc2 g6
15. Nbd2 Kg7 16. Rae1 Rac8 17. Qb3 Qxb3 18. Nxb3 c4 19. Nc5 Rc7 20. Bc2 Bc8 21.
e4 Nd8 22. exd5 exd5 23. b4 b6 24. Na4 Re7 25. Rxe7+ Bxe7 26. Kg1 Bd6 27. Re1
Nf7 28. Nb2 Bg4 29. Bd1 Bf5 30. Ba4 Rc8 31. Nd1 Kf6 32. Ne3 Be6 33. Bd1 a5 34.
bxa5 bxa5 35. Bc2 Rb8 36. Rb1 Rxb1+ 37. Bxb1 Bf4 38. Kf2 Nd6 39. h3 Nb5 40. Bc2
Nxc3 41. a4 Bd7 42. Ng4+ Ke6 43. g3 Bc1 0-1

[Event "OLNN 1718 Königsspringer - SV Bargtehei"]
[Site "?"]
[Date "2017.10.08"]
[Round "1.4"]
[White "Rosmann, Ilja"]
[Black "Wollenweber, Carsten"]
[Result "1-0"]
[WhiteElo "2291"]
[BlackElo "2093"]
[PlyCount "74"]
[EventDate "2017.??.??"]

1. e4 c5 2. c3 Nf6 3. e5 Nd5 4. Bc4 Nb6 5. Bb3 d6 6. exd6 Qxd6 7. d4 e6 8. Nf3
Bd7 9. O-O Nc6 10. Nbd2 Qc7 11. Qe2 Be7 12. Ne4 cxd4 13. cxd4 O-O 14. Nc3 Rad8
15. Qe4 Na5 16. Bc2 f5 17. Qe2 Bf6 18. Re1 h6 19. Ne5 Bc8 20. Nb5 Qb8 21. Ng6
Bxd4 22. Nxf8 Kxf8 23. Nxd4 Rxd4 24. Bxf5 Qd6 25. Be3 Nc6 26. Bg6 Rb4 27. Rac1
Nd4 28. Bxd4 Rxd4 29. Red1 Ke7 30. Rxd4 Qxd4 31. Rd1 Qf6 32. Qd3 Nd5 33. Qa3+
Kd8 34. Qd6+ Bd7 35. Be4 Qxb2 36. Bxd5 exd5 37. Qxd5 Qe5 1-0

[Event "OLNN 1718 Königsspringer - SV Bargtehei"]
[Site "?"]
[Date "2017.10.08"]
[Round "1.5"]
[White "zum Felde, Michael"]
[Black "Dettmann, Steffen"]
[Result "0-1"]
[WhiteElo "2151"]
[BlackElo "2194"]
[PlyCount "126"]
[EventDate "2017.??.??"]

1. c4 e5 2. Nc3 Nc6 3. Nf3 Nf6 4. g3 d5 5. cxd5 Nxd5 6. Bg2 Nxc3 7. bxc3 Bd6 8.
O-O O-O 9. d4 Rb8 10. Qc2 h6 11. Rd1 Qf6 12. Nd2 Bf5 13. e4 Bg4 14. f3 Bh5 15.
Nb3 exd4 16. g4 Qh4 17. cxd4 Qxh2+ 18. Kf1 Bg6 19. Be3 Bf4 20. Bg1 Qh4 21. Nc5
Rfd8 22. Nd3 Bh2 23. Bf2 Bg3 24. d5 Bxf2 25. Nxf2 Nb4 26. Qxc7 Rbc8 27. Qf4 Rc2
28. Qe3 Qh2 29. a3 Na6 30. Rac1 Rdc8 31. Rxc2 Rxc2 32. d6 Rc8 33. Qxa7 Rd8 34.
Qd4 f6 35. Rd2 Bf7 36. Nd1 h5 37. gxh5 Bxh5 38. Ne3 Kh8 39. Nc4 Qg3 40. Qe3 Bf7
41. Na5 Rxd6 42. Rxd6 Qxd6 43. Nxb7 Qc7 44. Qa7 Qc1+ 45. Kf2 Qxa3 46. Bh3 Qb2+
47. Kg3 Qe5+ 48. Kf2 Qh2+ 49. Bg2 Nb4 50. Nc5 Qe5 51. Qxf7 Qxc5+ 52. Kg3 Nd3
53. Kh2 Qe5+ 54. Kh1 Nf4 55. Qc4 Qh5+ 56. Kg1 Qg5 57. Qc2 Qg3 58. Kf1 g6 59.
Qb2 Kg7 60. Qb7+ Kh6 61. Qb2 Qg5 62. Qd2 Qe5 63. Qf2 Qa1+ 0-1

[Event "OLNN 1718 Königsspringer - SV Bargtehei"]
[Site "?"]
[Date "2017.10.08"]
[Round "1.6"]
[White "Borgmeyer, Max"]
[Black "Porth, Hartmut"]
[Result "1-0"]
[WhiteElo "2205"]
[BlackElo "2121"]
[PlyCount "105"]
[EventDate "2017.??.??"]

1. e4 e6 2. d4 d5 3. Nc3 Nc6 4. e5 Nge7 5. Nce2 Ng6 6. Nf4 Nxf4 7. Bxf4 Bd7 8.
Nf3 Be7 9. c3 a5 10. Bd3 Na7 11. Qe2 b6 12. h4 h6 13. h5 c5 14. Rh3 Nc6 15. Rg3
Bf8 16. Be3 c4 17. Bc2 a4 18. a3 b5 19. Rg4 Qe7 20. Nh4 O-O-O 21. f4 Qe8 22. f5
Ne7 23. Qf3 exf5 24. Nxf5 Nxf5 25. Bxf5 Bxf5 26. Qxf5+ Qe6 27. Qxe6+ fxe6 28.
Ke2 Rd7 29. Rf1 Kd8 30. Rg6 Re7 31. Bf2 Kd7 32. Bh4 Re8 33. Rf7+ Kc6 34. Rg3
Kb6 35. Rgf3 Rg8 36. Rd7 g5 37. hxg6 Rxg6 38. Bd8+ Rxd8 39. Rxd8 Be7 40. Rb8+
Kc7 41. Rxb5 Rxg2+ 42. Kf1 Rg8 43. Ra5 Kb7 44. Rf7 Rf8 45. Rxf8 Bxf8 46. Rxa4
Be7 47. Kg2 h5 48. Kf3 Bd8 49. Rb4+ Ka6 50. b3 cxb3 51. Rxb3 Bg5 52. c4 dxc4
53. Rc3 1-0

[Event "OLNN 1718 Königsspringer - SV Bargtehei"]
[Site "?"]
[Date "2017.10.08"]
[Round "1.7"]
[White "Peterwitz, Klaus"]
[Black "Harder, Clemens"]
[Result "0-1"]
[WhiteElo "2110"]
[BlackElo "2174"]
[PlyCount "104"]
[EventDate "2017.??.??"]

1. Nf3 Nf6 2. d4 d5 3. c4 c6 4. e3 Bf5 5. Nc3 e6 6. Be2 Nbd7 7. O-O Bd6 8. h3
g5 9. cxd5 exd5 10. Nxg5 Rg8 11. e4 Nxe4 12. Ncxe4 dxe4 13. Nxf7 Kxf7 14. Bc4+
Kg7 15. Bxg8 Qxg8 16. Qh5 Bg6 17. Qh6+ Kh8 18. Bf4 Bxf4 19. Qxf4 Qd5 20. Qe3
Nb6 21. b3 Qe6 22. Qg3 Rg8 23. Qe5+ Qxe5 24. dxe5 Re8 25. f4 exf3 26. Rxf3 Rxe5
27. Rd1 Nd5 28. Kf2 Re7 29. Re1 Rd7 30. Rd1 Kg7 31. Rd2 Be4 32. Rf4 Re7 33.
Rg4+ Bg6 34. Rg3 Rc7 35. Rd4 Kf6 36. Rd2 Ke6 37. Re2+ Kd6 38. Rd2 Kc5 39. a3 a5
40. Ke2 Re7+ 41. Kd1 b5 42. Kc1 b4 43. axb4+ axb4 44. Rd1 Nc3 45. Rg5+ Kb6 46.
Rf1 Re2 47. Rxg6 hxg6 48. g4 Rh2 49. Rf6 g5 50. Rf5 Ne2+ 51. Kb1 Nd4 52. Rxg5
Rxh3 0-1

[Event "OLNN 1718 Königsspringer - SV Bargtehei"]
[Site "?"]
[Date "2017.10.08"]
[Round "1.8"]
[White "Lampe, Joerg"]
[Black "Thanisch, Matthias"]
[Result "1/2-1/2"]
[WhiteElo "2124"]
[BlackElo "2051"]
[PlyCount "36"]
[EventDate "2017.??.??"]

1. e4 c6 2. d4 d5 3. exd5 cxd5 4. c4 Nf6 5. Nc3 Nc6 6. Bg5 e6 7. Nf3 Bb4 8. Bd3
dxc4 9. Bxc4 h6 10. Bh4 O-O 11. O-O Be7 12. Re1 Re8 13. Bb3 b6 14. Ba4 Bb7 15.
a3 Rc8 16. Qd3 Nh7 17. Bc2 Nf8 18. Bxe7 Nxe7 {(=)} 1/2-1/2

[Event "OLNN 1718 Schachfreunde HH - Preetzer T"]
[Site "?"]
[Date "2017.10.23"]
[Round "2.1"]
[White "Pedersen, Steffen"]
[Black "Sawatzki, Frank"]
[Result "1/2-1/2"]
[WhiteElo "2368"]
[BlackElo "2387"]
[PlyCount "51"]
[EventDate "2017.??.??"]

1. d4 d5 2. c4 c6 3. Nf3 Nf6 4. e3 Bf5 5. Nc3 a6 6. Bd3 Bg6 7. O-O e6 8. Qe2
Bb4 9. Bd2 Bxc3 10. Bxc3 O-O 11. Bxg6 hxg6 12. Nd2 Nbd7 13. e4 dxe4 14. Nxe4
Nxe4 15. Qxe4 Nf6 16. Qf3 Qd6 17. Rfe1 Rfd8 18. Re3 b5 19. b3 a5 20. a4 bxc4
21. bxc4 c5 22. dxc5 Qxc5 23. Bxf6 gxf6 24. Qxf6 Qd4 25. Qxd4 Rxd4 26. Re5
1/2-1/2

[Event "OLNN 1718 Schachfreunde HH - Preetzer T"]
[Site "?"]
[Date "2017.10.23"]
[Round "2.2"]
[White "Bokelbrink, Uwe"]
[Black "Bjerre, Jonas"]
[Result "1-0"]
[WhiteElo "2304"]
[BlackElo "2361"]
[PlyCount "131"]
[EventDate "2017.??.??"]

1. e4 c5 2. Nf3 e6 3. b3 Nc6 4. Bb5 d6 5. O-O Bd7 6. Bb2 Nf6 7. Re1 Be7 8. c3
a6 9. Bf1 e5 10. d4 cxd4 11. cxd4 exd4 12. Nxd4 O-O 13. Nc3 Re8 14. Nc2 Bf8 15.
f3 Ne7 16. Qd2 Bc6 17. Rad1 Qb6+ 18. Kh1 Rad8 19. Nd4 Bd7 20. Bc4 Qc5 21. Rc1
Qh5 22. Nde2 d5 23. e5 dxc4 24. exf6 Nf5 25. Ne4 Bc6 26. Qf4 Bxe4 27. fxe4 Bd6
28. e5 Bb4 29. g4 Qh4 30. Rg1 Nh6 31. g5 Qxf4 32. Nxf4 Nf5 33. Rxc4 Bd2 34. Nh5
g6 35. Ng3 Be3 36. Nxf5 gxf5 37. Rf1 f4 38. Bc3 Rc8 39. Kg2 b5 40. Rxc8 Rxc8
41. Bb4 h6 42. g6 fxg6 43. e6 g5 44. Kf3 Bd4 45. f7+ Kg7 46. Ke4 Bb6 47. f8=Q+
Rxf8 48. Bxf8+ Kxf8 49. Kf5 Ke7 50. Rd1 f3 51. Rd7+ Ke8 52. Kg4 f2 53. Rf7 Be3
54. Kg3 a5 55. Kg2 b4 56. Rf6 Ke7 57. Rxh6 Bd4 58. Rg6 Be3 59. h3 Kd6 60. Kf1
Ke7 61. Ke2 Kd6 62. Rg8 Ke7 63. Ra8 Bb6 64. Ra6 Be3 65. Rxa5 Kxe6 66. Rb5 1-0

[Event "OLNN 1718 Schachfreunde HH - Preetzer T"]
[Site "?"]
[Date "2017.10.23"]
[Round "2.3"]
[White "Schwarz, Frank"]
[Black "Hermesmann, Hans"]
[Result "1/2-1/2"]
[WhiteElo "2234"]
[BlackElo "2260"]
[PlyCount "47"]
[EventDate "2017.??.??"]

1. c4 g6 2. g3 Bg7 3. Bg2 d6 4. Nc3 Nc6 5. d3 e5 6. e3 Nge7 7. Nge2 h5 8. h4
Bg4 9. a3 O-O 10. O-O Qd7 11. Kh2 Rab8 12. Qc2 a6 13. b4 Be6 14. Bb2 Nf5 15.
Rac1 Nce7 16. Ne4 Nh6 17. d4 Bf5 18. dxe5 Ng4+ 19. Kg1 Nxe5 20. Nd4 Bh3 21.
Rfd1 Bxg2 22. Kxg2 Nf5 23. Nxf5 Qxf5 24. Ng5 1/2-1/2

[Event "OLNN 1718 Schachfreunde HH - Preetzer T"]
[Site "?"]
[Date "2017.10.23"]
[Round "2.4"]
[White "Kluenger, Marc"]
[Black "Reinecker, Kai"]
[Result "1/2-1/2"]
[WhiteElo "2195"]
[BlackElo "2256"]
[PlyCount "50"]
[EventDate "2017.??.??"]

1. Nf3 Nf6 2. c4 e6 3. b3 d5 4. Bb2 c5 5. e3 Nc6 6. d4 cxd4 7. Nxd4 Bb4+ 8. Bc3
Qa5 9. Bxb4 Nxb4 10. Nd2 e5 11. Nc2 Bg4 12. f3 Be6 13. Kf2 O-O 14. cxd5 Nbxd5
15. Nc4 Qc5 16. Rc1 b5 17. Nxe5 Nxe3 18. Qd4 Qxe5 19. Qxe5 Neg4+ 20. fxg4 Nxg4+
21. Kg3 Nxe5 22. Bxb5 Rfd8 23. Rhd1 Rac8 24. Ne3 Rxd1 25. Rxc8+ Bxc8 1/2-1/2

[Event "OLNN 1718 Schachfreunde HH - Preetzer T"]
[Site "?"]
[Date "2017.10.23"]
[Round "2.5"]
[White "Schwarzat, Julian"]
[Black "Zimmermann, Martin"]
[Result "1-0"]
[WhiteElo "2085"]
[BlackElo "2143"]
[PlyCount "59"]
[EventDate "2017.??.??"]

1. e4 c5 2. Nf3 d6 3. d3 Nc6 4. g3 g6 5. Bg2 Bg7 6. O-O e6 7. Re1 Nge7 8. Nbd2
O-O 9. Nf1 Qc7 10. c3 b6 11. h4 Bb7 12. Qe2 Rad8 13. h5 Ne5 14. Ne3 Nxf3+ 15.
Bxf3 d5 16. hxg6 hxg6 17. Ng4 dxe4 18. dxe4 Qd7 19. e5 Bxf3 20. Qxf3 Qd3 21.
Qxd3 Rxd3 22. Bg5 Nd5 23. c4 Nb4 24. Kg2 Rc8 25. Be7 Nc2 26. Rh1 f5 27. exf6
Nxa1 28. fxg7 Kxg7 29. Bf6+ Kf7 30. Ne5+ 1-0

[Event "OLNN 1718 Schachfreunde HH - Preetzer T"]
[Site "?"]
[Date "2017.10.23"]
[Round "2.6"]
[White "Jaeckle, Marco"]
[Black "Willsch, Matthias"]
[Result "1/2-1/2"]
[WhiteElo "2244"]
[BlackElo "2269"]
[PlyCount "54"]
[EventDate "2017.??.??"]

1. e4 e6 2. f4 d5 3. e5 c5 4. Nf3 a6 5. c3 Nc6 6. Na3 Nh6 7. Nc2 Be7 8. Be2 O-O
9. d4 cxd4 10. cxd4 Bd7 11. O-O Rc8 12. Kh1 f5 13. Be3 Qb6 14. Qd2 Nb4 15. Rfc1
Nxc2 16. Rxc2 Bb4 17. Qd1 Ng4 18. Bg1 Rxc2 19. Qxc2 Rc8 20. Qd1 Bb5 21. h3 Nh6
22. Be3 Bxe2 23. Qxe2 Be7 24. Ne1 Rc4 25. Nd3 Qc6 26. Rc1 Nf7 27. b3 Rxc1+
1/2-1/2

[Event "OLNN 1718 Schachfreunde HH - Preetzer T"]
[Site "?"]
[Date "2017.10.23"]
[Round "2.7"]
[White "Schuette, Andreas"]
[Black "Dietz, Juergen"]
[Result "1/2-1/2"]
[WhiteElo "2161"]
[BlackElo "2142"]
[PlyCount "38"]
[EventDate "2017.??.??"]

1. d4 e6 2. Nc3 Bb4 3. e3 f5 4. g4 Nf6 5. gxf5 O-O 6. Bg2 exf5 7. Bd2 d5 8. Nf3
Ne4 9. Nxe4 fxe4 10. Bxb4 exf3 11. Bxf3 Rf7 12. Qe2 a5 13. Bd2 Ra6 14. Bg4 Bxg4
15. Qxg4 Nd7 16. f3 Rg6 17. Qh3 Rh6 18. Qg3 Rg6 19. Qh3 Rh6 1/2-1/2

[Event "OLNN 1718 Schachfreunde HH - Preetzer T"]
[Site "?"]
[Date "2017.10.23"]
[Round "2.8"]
[White "Jaeger, Thorsten"]
[Black "Dittmann, Hans-Adolf"]
[Result "1/2-1/2"]
[WhiteElo "1789"]
[BlackElo "2084"]
[PlyCount "68"]
[EventDate "2017.??.??"]

1. d4 Nf6 2. Nf3 g6 3. g3 Bg7 4. Bg2 d6 5. O-O O-O 6. c4 c6 7. Nc3 Nbd7 8. Qc2
e5 9. d5 cxd5 10. Nxd5 Nxd5 11. cxd5 Nc5 12. e4 a5 13. Be3 b6 14. Rfd1 h6 15.
b3 f5 16. Nh4 Qf6 17. exf5 g5 18. Ng6 Bxf5 19. Qxf5 Qxf5 20. Ne7+ Kh8 21. Nxf5
Rxf5 22. Bxc5 bxc5 23. Be4 Rf7 24. Rac1 Rb7 25. Rc4 Rb4 26. Rxb4 axb4 27. Rd2
Bf6 28. g4 Kg7 29. f3 Bd8 30. Kg2 Bb6 31. Bd3 Kf6 32. Rc2 Rh8 33. Be4 Ra8 34.
Kg3 Rh8 {(=)} 1/2-1/2

[Event "OLNN 1718 Johanneum Eppend - Lübecker S"]
[Site "?"]
[Date "2017.10.23"]
[Round "2.1"]
[White "Kreuzholz, Michael"]
[Black "Zart, Ruediger"]
[Result "0-1"]
[WhiteElo "2352"]
[BlackElo "2183"]
[PlyCount "122"]
[EventDate "2017.??.??"]

1. e4 c6 2. d4 d5 3. e5 Bf5 4. Nf3 e6 5. Be2 c5 6. Be3 cxd4 7. Nxd4 Ne7 8. Bg5
Qd7 9. Nc3 Bg6 10. Ncb5 Nec6 11. c4 Bb4+ 12. Bd2 Bxd2+ 13. Qxd2 O-O 14. f4 Nxd4
15. Nxd4 dxc4 16. Bxc4 Nc6 17. Nb5 Qe7 18. Nd6 a6 19. O-O b5 20. Bb3 Qa7+ 21.
Kh1 Nd4 22. Rfd1 Nf5 23. Nxf5 Bxf5 24. Qd4 Qb7 25. Kg1 h5 26. Rd2 Rac8 27. a4
bxa4 28. Qxa4 Qb6+ 29. Kh1 Qe3 30. Rdd1 Rb8 31. Bc2 Bxc2 32. Qxc2 Qxf4 33. Qe2
Rb5 34. Re1 h4 35. Rxa6 Rfb8 36. Ra2 Rd5 37. b3 Rbd8 38. Ra7 Rxe5 39. Qf1 Rxe1
40. Qxe1 Qb4 41. Qf1 f6 42. Qb1 Qg4 43. Ra1 h3 44. gxh3 Qf3+ 45. Kg1 f5 46. Qc2
Qe3+ 47. Qf2 Qxb3 48. Re1 Rd6 49. Qf4 Qb6+ 50. Kg2 Rc6 51. Re2 Qb1 52. Qd4 Qb7
53. Kf1 Qb6 54. Qa1 Qc7 55. Qd4 Rc4 56. Qd3 Rc1+ 57. Kg2 Qc6+ 58. Kf2 Qb6+ 59.
Kg3 Qg1+ 60. Kf4 Rd1 61. Qb5 g5+ 0-1

[Event "OLNN 1718 Johanneum Eppend - Lübecker S"]
[Site "?"]
[Date "2017.10.23"]
[Round "2.2"]
[White "Schroeder, Christoph"]
[Black "Riess, Alexander"]
[Result "1/2-1/2"]
[WhiteElo "2207"]
[BlackElo "2303"]
[PlyCount "66"]
[EventDate "2017.??.??"]

1. d4 Nf6 2. Nf3 g6 3. c4 Bg7 4. e3 O-O 5. Be2 c5 6. d5 e6 7. Nc3 exd5 8. cxd5
d6 9. O-O Re8 10. Re1 a6 11. a4 Ne4 12. Nxe4 Rxe4 13. Nd2 Re8 14. Nc4 Qc7 15.
Qb3 Nd7 16. Bd2 Rb8 17. a5 b5 18. axb6 Nxb6 19. Ba5 Nxc4 20. Bxc7 Rxb3 21. Bxc4
Rb4 22. Bxa6 Rxb2 23. Bxc8 Rxc8 24. Ra7 Rd2 25. Bxd6 Rxd5 26. Rc7 Rxc7 27. Bxc7
Bc3 28. Rb1 Bd2 29. e4 Rd3 30. Kf1 c4 31. Ke2 Rd7 32. Rb8+ Kg7 33. Rd8 Rxc7
1/2-1/2